The Lemhi : Sacajawea's people /

Bibliographic Details
Main Author: Madsen, Brigham D.
Format: Book
Language:English
Published: Caldwell, Idaho : Caxton Printers, 1979.
Subjects:

MARC

Tag First Indicator Second Indicator Subfields
LEADER 00000pam a2200000 i 4500
001 in00000048320
005 20151007071536.0
008 790308s1979 idua b 00110 eng
010 |a  78053137  
020 |a 087004267X :  |c $4.95 
035 |a (OCoLC)04834779 
035 |9 AAE6170AM 
040 |a DLC  |c DLC  |d TXA  |d UtOrBLW 
043 |a n-us-id 
049 |a TXAM  |c [1383590] 
050 0 0 |a E99.S4  |b M32 
082 0 |a 970/.004/97 
100 1 |a Madsen, Brigham D. 
245 1 4 |a The Lemhi :  |b Sacajawea's people /  |c by Brigham D. Madsen. 
264 1 |a Caldwell, Idaho :  |b Caxton Printers,  |c 1979. 
300 |a 214 pages :  |b illustrations ;  |c 23 cm. 
336 |a text  |b txt  |2 rdacontent 
337 |a unmediated  |b n  |2 rdamedia 
338 |a volume  |b nc  |2 rdacarrier 
500 |a Includes index. 
504 |a Bibliography: pages [205]-206. 
600 0 0 |a Sacagawea. 
650 0 |a Shoshoni Indians  |x History. 
999 |a MARS 
999 f f |s 96c2e015-7d46-337a-aa12-54634e1ba25d  |i aaf605eb-450d-3604-8375-aea1b33c143c  |t 0 
952 f f |p ric  |a Texas A&M University  |b Rellis Campus  |c Joint Library Facility  |d Remote Storage  |t 0  |e E99.S4 M32  |h Library of Congress classification  |i unmediated -- volume  |m A14802146273 
998 f f |a E99.S4 M32  |t 0  |l Remote Storage